Sports Quiz

Random Sports or Year Quiz

World Cup: Upsetting the Hosts Quiz Stats

 Plays Quiz Updated Jul 16, 2018

Score 0/16 Timer 04:00
12 Plays Today
Year Country % Correct
1982West Germany
98%
1986West Germany
98%
2002Germany
97.9%
2014Germany
97.9%
1958Brazil
94.6%
1962Brazil
94.6%
1994Brazil
94.6%
1938Italy
94%
Year Country % Correct
1970Italy
94%
2006Italy
94%
2010Uruguay and Mexico
92.1%
1990Argentina
87.9%
2018Croatia
87.2%
1950Uruguay
85.8%
2002Turkey
46.4%
1954Austria
35.9%

You're not logged in!

Compare scores with friends on all Sporcle quizzes.
OR
Log In

Sporcle TV

Today on Sporcle TV


Watch our educational content, quiz creation guides, and fun videos on Sporcle TV.

Show Comments

Extras

Top Quizzes Today


Score Distribution

Your Account Isn't Verified!

In order to create a playlist on Sporcle, you need to verify the email address you used during registration. Go to your Sporcle Settings to finish the process.

Report this User

Report this user for behavior that violates our Community Guidelines.

Details: